[Event "DEM U10/U10w 2004"]
[Site "Willingen GER"]
[Date "2004.06.05"]
[Round "11"]
[White "Rutz, Maximilian"]
[Black "Schmitt, Katrin"]
[Result "1-0"]
[Termination "normal"]
[Board "30"]
[WhiteElo "962"]
[BlackElo "995"]
[PlyCount "105"]
[BlackFideId "24654400"]
[EventCountry "GER"]
[EventRounds "11"]
[EventType "swiss"]
[EventDate "2004.05.29"]

1. e4 e5 2. d4 exd4 3. c3 Be7 4. cxd4 Nf6 5. Nc3 d6 6. Bc4 O-O 7. Nf3 Bg4 8.
O-O h6 9. h3 Bh5 10. Re1 Re8 11. Bf4 c6 12. e5 dxe5 13. dxe5 Qxd1 14. Raxd1
Nfd7 15. e6 Nf6 16. exf7+ Bxf7 17. Bxf7+ Kxf7 18. Nd4 Nbd7 19. Ne6 Rad8 20.
Nxd8+ Rxd8 21. Bd6 Bxd6 22. Rxd6 Nd5 23. Nxd5 cxd5 24. Rxd5 b6 25. Red1 Ke7 26.
g4 a6 27. f4 a5 28. Kf2 Ke6 29. g5 h5 30. f5+ Ke7 31. Kg3 Ke8 32. Kh4 Ke7 33.
f6+ gxf6 34. gxf6+ Ke8 35. Kg5 a4 36. Kg6 h4 37. Kg7 b5 38. f7+ Ke7 39. Rxd7+
Rxd7 40. Rxd7+ Kxd7 41. f8=Q b4 42. Qxb4 Ke6 43. Qxa4 Ke5 44. b4 Kd6 45. Qa6+
Kd7 46. b5 Kc7 47. Qc6+ Kb8 48. Kf7 Ka7 49. Ke7 Kb8 50. Kd7 Ka7 51. b6+ Kb8 52.
Qc7+ Ka8 53. Qa7# 1-0

[Event "DEM U10/U10w 2004"]
[Site "Willingen GER"]
[Date "2004.06.05"]
[Round "11"]
[White "Voggenreiter, Sara"]
[Black "Dilz, Jasmin"]
[Result "1/2-1/2"]
[Termination "normal"]
[Board "32"]
[WhiteElo "1150"]
[BlackElo "1004"]
[PlyCount "52"]
[WhiteFideId "24615358"]
[EventCountry "GER"]
[EventRounds "11"]
[EventType "swiss"]
[EventDate "2004.05.29"]

1. e4 e5 2. Nf3 Nc6 3. Bc4 Nf6 4. Ng5 d5 5. exd5 Nd4 6. d3 b5 7. c3 bxc4 8.
cxd4 exd4 9. dxc4 Qe7+ 10. Qe2 Qxe2+ 11. Kxe2 Be7 12. Re1 O-O 13. Kf1 Re8 14.
Ne4 Nxe4 15. Rxe4 Kf8 16. Rxd4 Bb4 17. Bd2 Be7 18. Nc3 Bf6 19. Rf4 Bg5 20. Rd4
Bxd2 21. Rxd2 Rd8 22. Re1 c6 23. Ne4 cxd5 24. cxd5 Ba6+ 25. Kg1 Re8 26. d6 f5
1/2-1/2

[Event "DEM U10/U10w 2004"]
[Site "Willingen GER"]
[Date "2004.06.05"]
[Round "11"]
[White "Falke, Johannes"]
[Black "Kühnel, Lena"]
[Result "0-1"]
[Termination "normal"]
[Board "33"]
[WhiteElo "761"]
[BlackElo "1104"]
[PlyCount "38"]
[BlackFideId "24640956"]
[EventCountry "GER"]
[EventRounds "11"]
[EventType "swiss"]
[EventDate "2004.05.29"]

1. e4 e5 2. Nf3 Nc6 3. Bc4 Nf6 4. Ng5 d5 5. exd5 Nd4 6. d6 Be6 7. Nxe6 Nxe6 8.
Bxe6 fxe6 9. dxc7 Qxc7 10. O-O Bd6 11. b3 O-O 12. c4 Rad8 13. d3 e4 14. g3 Be5
15. Bf4 Bxf4 16. gxf4 Qxf4 17. d4 Ng4 18. Re1 Qxh2+ 19. Kf1 Qxf2# 0-1

[Event "DEM U10/U10w 2004"]
[Site "Willingen GER"]
[Date "2004.06.05"]
[Round "11"]
[White "Barden, Andrea"]
[Black "Geise, Maria"]
[Result "1-0"]
[Termination "normal"]
[Board "42"]
[WhiteElo "1115"]
[BlackElo "948"]
[PlyCount "65"]
[WhiteFideId "24698822"]
[EventCountry "GER"]
[EventRounds "11"]
[EventType "swiss"]
[EventDate "2004.05.29"]

1. c4 e5 2. Nc3 Bc5 3. g3 Nf6 4. Bg2 c6 5. d3 d5 6. cxd5 cxd5 7. e3 Nc6 8. Nf3
d4 9. exd4 exd4 10. Ne2 O-O 11. O-O Be6 12. Bg5 h6 13. Bxf6 Qxf6 14. Qc2 b6 15.
Nd2 Rab8 16. Bxc6 Rbc8 17. Bg2 Rce8 18. Ne4 Qd8 19. Nxc5 Qc8 20. Nxd4 bxc5 21.
Nb5 Re7 22. Rfe1 a6 23. Nc3 Qb8 24. Nd5 Rb7 25. Ne7+ Kh8 26. Bxb7 Qxb7 27. Qxc5
Re8 28. Nf5 Qxb2 29. Qc1 Qf6 30. Nd6 Rd8 31. Qc7 Qg5 32. Rxe6 Qd2 33. Qxd8+ 1-0

[Event "1. ODEM U25 2004"]
[Site "Willingen GER"]
[Date "2004.05.30"]
[Round "1"]
[White "Seifert, Volker"]
[Black "Dorn, Matthias"]
[Result "1-0"]
[Termination "normal"]
[Board "1"]
[WhiteTitle "FM"]
[WhiteElo "2302"]
[BlackElo "1762"]
[PlyCount "45"]
[WhiteFideId "4658060"]
[BlackFideId "24600695"]
[EventCountry "GER"]
[EventRounds "9"]
[EventType "swiss"]
[EventDate "2004.05.29"]

1. d4 Nf6 2. c4 g6 3. Nc3 Bg7 4. e4 O-O 5. Be3 d6 6. f3 e5 7. d5 Ne8 8. Qd2 f5
9. O-O-O fxe4 10. Nxe4 Bf5 11. Bd3 Nf6 12. Ng5 Bc8 13. h4 Qe8 14. h5 Bf5 15.
Bxf5 gxf5 16. h6 Bh8 17. Ne6 Rf7 18. Bf2 Rd7 19. Ne2 c5 20. Rh3 Na6 21. Rg3+
Kf7 22. Qg5 Qg8 23. Qxf5 1-0

[Event "1. ODEM U25 2004"]
[Site "Willingen GER"]
[Date "2004.05.30"]
[Round "1"]
[White "Katte, Nicolas"]
[Black "Schafranietz, Sebastian"]
[Result "0-1"]
[Termination "normal"]
[Board "2"]
[WhiteElo "1729"]
[BlackElo "2236"]
[PlyCount "88"]
[WhiteFideId "24614149"]
[BlackFideId "4632516"]
[EventCountry "GER"]
[EventRounds "9"]
[EventType "swiss"]
[EventDate "2004.05.29"]

1. e4 e5 2. Nf3 Nc6 3. d4 exd4 4. Nxd4 Nf6 5. Nc3 Bb4 6. Bg5 h6 7. Nxc6 bxc6 8.
Bxf6 Qxf6 9. Qf3 Qxf3 10. gxf3 Bxc3+ 11. bxc3 Rb8 12. O-O-O d6 13. Bc4 Be6 14.
Bxe6 fxe6 15. h4 O-O 16. Rh3 Rf4 17. Rd3 Rb5 18. c4 Rh5 19. Ra3 Rfxh4 20. Rxh4
Rxh4 21. Rxa7 Rh1+ 22. Kd2 h5 23. Ra3 e5 24. Re3 c5 25. a4 Ra1 26. Re1 Rxa4 27.
Rh1 g6 28. Kd3 Ra3+ 29. c3 Ra2 30. Rh2 Kg7 31. Ke3 Ra3 32. Kd3 Kh6 33. Kc2 Ra1
34. Kd2 Rg1 35. Ke2 g5 36. Ke3 h4 37. Ke2 Kh5 38. Rh3 g4 39. fxg4+ Kxg4 40. Rh2
h3 41. Ke3 Rg2 42. Rh1 h2 43. Ke2 Kf4 44. Kf1 Kf3 0-1

[Event "1. ODEM U25 2004"]
[Site "Willingen GER"]
[Date "2004.05.30"]
[Round "1"]
[White "Kühner, Christian"]
[Black "Falke, Isaak"]
[Result "1-0"]
[Termination "normal"]
[Board "3"]
[WhiteElo "2169"]
[BlackElo "1721"]
[PlyCount "73"]
[WhiteFideId "4679440"]
[BlackFideId "24614483"]
[EventCountry "GER"]
[EventRounds "9"]
[EventType "swiss"]
[EventDate "2004.05.29"]

1. c4 Nf6 2. Nc3 g6 3. g3 Bg7 4. Bg2 O-O 5. e4 e5 6. Nge2 c5 7. O-O a6 8. d3 d6
9. h3 h6 10. f4 Nc6 11. f5 Qe7 12. g4 g5 13. Ng3 Qc7 14. Nd5 Qd8 15. Nxf6+ Bxf6
16. Nh5 Nb8 17. Be3 Nd7 18. Qd2 Bg7 19. h4 f6 20. Bf3 Rf7 21. Kf2 b5 22. Nxg7
Rxg7 23. Rh1 Bb7 24. Rh3 Kf7 25. Rah1 Qe7 26. Kg3 Rag8 27. hxg5 hxg5 28. cxb5
axb5 29. Bd1 Ba6 30. Bb3+ c4 31. dxc4 bxc4 32. Qd5+ Ke8 33. Ba4 Bc8 34. Rc1 Kf8
35. Rxc4 Nc5 36. Rxc5 Bb7 37. Bc6 1-0

[Event "1. ODEM U25 2004"]
[Site "Willingen GER"]
[Date "2004.05.30"]
[Round "1"]
[White "Trippe, Fabian"]
[Black "Nazarenus, Moritz"]
[Result "0-1"]
[Termination "normal"]
[Board "4"]
[WhiteElo "1637"]
[BlackElo "2143"]
[PlyCount "78"]
[BlackFideId "4670540"]
[EventCountry "GER"]
[EventRounds "9"]
[EventType "swiss"]
[EventDate "2004.05.29"]

1. d4 d5 2. e3 c5 3. c3 Nc6 4. Bd3 e5 5. dxe5 Nxe5 6. Bb5+ Bd7 7. Qxd5 Bxb5 8.
Qxe5+ Be7 9. Na3 Bc6 10. e4 Qd3 11. Be3 Rd8 12. Ne2 Qxe4 13. Qxe4 Bxe4 14. f3
Bc6 15. Kf2 Nf6 16. Rad1 O-O 17. Nf4 b6 18. Nc4 g5 19. Ne2 Nd5 20. Bc1 Bf6 21.
Ng3 Bb5 22. Na3 Ba4 23. b3 Bc6 24. Ne4 Bxc3 25. Bxg5 f6 26. Bh6 Bd4+ 27. Rxd4
cxd4 28. Bxf8 Kxf8 29. Rd1 Ne3 30. Rc1 Bxe4 31. fxe4 Ke7 32. Rc7+ Ke6 33. Nb1
Ng4+ 34. Ke2 d3+ 35. Kd2 Nxh2 36. Ke1 Rg8 37. Rxh7 Rxg2 38. Nd2 Ng4 39. Rxa7
Ne3 0-1

[Event "1. ODEM U25 2004"]
[Site "Willingen GER"]
[Date "2004.05.30"]
[Round "1"]
[White "Lantzsch, Christian"]
[Black "Rashidian, Sagross"]
[Result "1-0"]
[Termination "normal"]
[Board "5"]
[WhiteElo "2095"]
[BlackElo "1626"]
[PlyCount "59"]
[WhiteFideId "4659821"]
[EventCountry "GER"]
[EventRounds "9"]
[EventType "swiss"]
[EventDate "2004.05.29"]

1. Nf3 Nf6 2. c4 d6 3. Nc3 g6 4. g3 Bg7 5. Bg2 O-O 6. O-O e5 7. d3 Nbd7 8. Rb1
Ne8 9. b4 c6 10. b5 c5 11. Bd2 h6 12. a4 f5 13. Ne1 Ndf6 14. Nc2 Rb8 15. a5 Be6
16. Ne3 Kh7 17. Ncd5 f4 18. gxf4 Nh5 19. fxe5 Bxe5 20. f4 Rxf4 21. Nxf4 Qh4 22.
Be1 Qg5 23. Nxe6 Qxe3+ 24. Bf2 Bxh2+ 25. Kxh2 Qxe6 26. Qe1 Nef6 27. Bh3 Qe5+
28. Bg3 Nxg3 29. Qxg3 Qxe2+ 30. Rf2 1-0

[Event "1. ODEM U25 2004"]
[Site "Willingen GER"]
[Date "2004.05.30"]
[Round "1"]
[White "Völschow, Toni"]
[Black "Morgenstern, Petra"]
[Result "1/2-1/2"]
[Termination "normal"]
[Board "6"]
[WhiteElo "1571"]
[BlackElo "2062"]
[PlyCount "75"]
[WhiteFideId "24622591"]
[BlackFideId "4690710"]
[EventCountry "GER"]
[EventRounds "9"]
[EventType "swiss"]
[EventDate "2004.05.29"]

1. e4 c5 2. Nc3 d6 3. g3 g6 4. Bg2 Bg7 5. d3 Nc6 6. Be3 e6 7. f4 Nge7 8. Nf3
O-O 9. O-O Nd4 10. Qd2 Rb8 11. Nd1 b5 12. c3 Nxf3+ 13. Bxf3 Bb7 14. d4 cxd4 15.
cxd4 Qd7 16. Nf2 f5 17. Rac1 Rbc8 18. Bg2 Rfd8 19. Rxc8 Rxc8 20. Rc1 Rxc1+ 21.
Qxc1 fxe4 22. Nxe4 Nf5 23. Qd2 Bd5 24. Nc3 Bxg2 25. Kxg2 Qc6+ 26. Kg1 Nxe3 27.
Qxe3 Qc4 28. Nxb5 Qxa2 29. Qc3 Qd5 30. Qc8+ Bf8 31. Qa6 Qc4 32. b3 Qxb3 33.
Nxd6 Qe3+ 34. Kg2 Qxd4 35. Nc8 Qe4+ 36. Kh3 Qf5+ 37. Kg2 Qe4+ 38. Kh3 1/2-1/2

[Event "1. ODEM U25 2004"]
[Site "Willingen GER"]
[Date "2004.05.30"]
[Round "1"]
[White "Fuhrmann, Marc Andre"]
[Black "Jannes, Alexander"]
[Result "1-0"]
[Termination "normal"]
[Board "7"]
[WhiteElo "2059"]
[BlackElo "1567"]
[PlyCount "103"]
[WhiteFideId "4696980"]
[BlackFideId "4647955"]
[EventCountry "GER"]
[EventRounds "9"]
[EventType "swiss"]
[EventDate "2004.05.29"]

1. d4 c6 2. c4 d5 3. Nf3 Nf6 4. Nc3 e6 5. e3 Bd6 6. b3 Nbd7 7. Be2 Bb4 8. Bd2
O-O 9. O-O b6 10. Nxd5 Nxd5 11. cxd5 Bxd2 12. dxc6 Bb4 13. cxd7 Qxd7 14. Ne5
Qd6 15. Bf3 Ba6 16. Bxa8 Bxf1 17. Qxf1 Rxa8 18. a3 Bc3 19. Nc4 Qe7 20. Rc1 Ba5
21. b4 Bxb4 22. axb4 Qxb4 23. Ne5 Qe7 24. Qc4 h6 25. Qc7 Qe8 26. Qb7 b5 27. Rc7
Qb8 28. Rxf7 Qxb7 29. Rxb7 a6 30. Kf1 Kf8 31. Ke2 Rd8 32. Rb6 Ra8 33. Rxe6 b4
34. Rb6 a5 35. Nc4 Ke7 36. Rb5 a4 37. Rxb4 a3 38. Nxa3 Rxa3 39. f4 Kf6 40. Kf3
Ra5 41. Rb6+ Kf7 42. g4 h5 43. h3 hxg4+ 44. hxg4 Ke7 45. f5 Kf7 46. e4 Ra3+ 47.
Kf4 Ra1 48. e5 Rd1 49. e6+ Ke8 50. Ke5 Ra1 51. g5 Re1+ 52. Kd6 1-0

[Event "1. ODEM U25 2004"]
[Site "Willingen GER"]
[Date "2004.05.30"]
[Round "1"]
[White "Wild, Markus"]
[Black "Alic, Miran"]
[Result "0-1"]
[Termination "normal"]
[Board "8"]
[WhiteElo "1559"]
[BlackElo "2052"]
[PlyCount "72"]
[BlackFideId "24605425"]
[EventCountry "GER"]
[EventRounds "9"]
[EventType "swiss"]
[EventDate "2004.05.29"]

1. c4 e5 2. Nc3 g6 3. Nf3 Bg7 4. g3 Ne7 5. Bg2 O-O 6. d3 d6 7. Rb1 h6 8. Bd2 f5
9. O-O c6 10. b4 g5 11. e3 Qe8 12. Ne1 Nd7 13. Qc1 Nf6 14. f4 Qg6 15. a4 Nh5
16. Ne2 Kh8 17. Qc2 Bd7 18. b5 Rac8 19. bxc6 Bxc6 20. Bxc6 Nxc6 21. Rxb7 exf4
22. exf4 Nd4 23. Nxd4 Bxd4+ 24. Kg2 Qe8 25. Bc3 Qc6+ 26. Nf3 Qxb7 27. Bxd4+ Kh7
28. Rb1 Qc6 29. Qb3 Rb8 30. Qxb8 Rxb8 31. Rxb8 g4 32. Bxa7 Qxf3+ 33. Kg1 Qd1+
34. Kg2 Qxd3 35. Rb7+ Kg6 36. Rb6 Nf6 0-1

[Event "1. ODEM U25 2004"]
[Site "Willingen GER"]
[Date "2004.05.30"]
[Round "1"]
[White "Rafiee, Makan"]
[Black "Zikeli, Julia"]
[Result "0-1"]
[Termination "normal"]
[Board "9"]
[WhiteElo "2028"]
[BlackElo "1534"]
[PlyCount "116"]
[WhiteFideId "24609340"]
[BlackFideId "24622753"]
[EventCountry "GER"]
[EventRounds "9"]
[EventType "swiss"]
[EventDate "2004.05.29"]

1. e4 e6 2. d4 d5 3. Nd2 c5 4. exd5 Qxd5 5. Ngf3 cxd4 6. Bc4 Qd8 7. O-O Nc6 8.
Nb3 Nf6 9. Nfxd4 Nxd4 10. Qxd4 Qxd4 11. Nxd4 Bc5 12. Nb5 Bb6 13. Bf4 a6 14.
Nc7+ Bxc7 15. Bxc7 Bd7 16. Bd6 Rc8 17. Bb3 Rc6 18. Bb4 Ne4 19. Rfe1 Nc5 20. Bd5
Rd6 21. Rad1 b6 22. Bf3 Rxd1 23. Rxd1 a5 24. Bc3 O-O 25. Rd6 Rb8 26. a3 Bb5 27.
b4 Na4 28. Bd4 axb4 29. axb4 29... Kf8 $11 30. Bc6 Bxc6 31. Rxc6 Rd8 32. c3
Nxc3 33. Rxc3 Rxd4 34. Kf1 Rxb4 35. Rc8+ Ke7 36. Rc7+ Kf6 37. f3 Rb2 38. Rb7 b5
39. h3 b4 40. Kg1 b3 41. Kh2 Rb1 42. Kg3 b2 43. Kf4 g5+ 44. Kg3 h5 45. Rb5 e5
46. Kh2 Kf5 47. Rb6 g4 48. Rb4 gxh3 49. gxh3 h4 50. Kg2 Kg5 51. Kh2 f5 52. f4+
exf4 53. Rb6 f3 54. Rg6+ Kf4 55. Rb6 f2 56. Rb4+ Kg5 57. Rb6 f1=Q 58. Rg6+ Kf4
0-1

[Event "1. ODEM U25 2004"]
[Site "Willingen GER"]
[Date "2004.05.30"]
[Round "1"]
[White "Jehle, Daniel"]
[Black "Siebarth, Marco"]
[Result "0-1"]
[Termination "normal"]
[Board "10"]
[WhiteElo "1526"]
[BlackElo "2027"]
[PlyCount "56"]
[BlackFideId "24604330"]
[EventCountry "GER"]
[EventRounds "9"]
[EventType "swiss"]
[EventDate "2004.05.29"]

1. d4 Nf6 2. c4 e5 3. d5 Bc5 4. Nc3 d6 5. Bg5 Bxf2+ 6. Kxf2 Ng4+ 7. Ke1 Qxg5 8.
Nf3 Qe3 9. Qc1 Qf2+ 10. Kd2 e4 11. Nd1 Qc5 12. Ng5 h6 13. Nh3 e3+ 14. Ke1 g5
15. Qc3 O-O 16. Ng1 Re8 17. Nf3 Re4 18. b3 Nf2 19. Rg1 g4 20. Nh4 Na6 21. a3
Nxd1 22. Kxd1 Rd4+ 23. Ke1 b5 24. b4 Rxc4 25. bxc5 Rxc3 26. c6 Rb8 27. g3 b4
28. axb4 Nxb4 0-1

[Event "1. ODEM U25 2004"]
[Site "Willingen GER"]
[Date "2004.05.30"]
[Round "1"]
[White "Dahmen, Christoph"]
[Black "Reinke, Martin"]
[Result "1-0"]
[Termination "normal"]
[Board "11"]
[WhiteElo "2023"]
[BlackElo "1498"]
[PlyCount "69"]
[WhiteFideId "4692160"]
[BlackFideId "4620518"]
[EventCountry "GER"]
[EventRounds "9"]
[EventType "swiss"]
[EventDate "2004.05.29"]

1. d4 d5 2. c4 e6 3. Nc3 Nf6 4. cxd5 Nxd5 5. e4 Nxc3 6. bxc3 c5 7. Nf3 cxd4 8.
cxd4 Bb4+ 9. Bd2 Bxd2+ 10. Qxd2 O-O 11. Bc4 Nd7 12. O-O Nf6 13. Rfe1 b6 14. a4
Bb7 15. Bd3 Rc8 16. a5 bxa5 17. Rxa5 a6 18. Qb4 Rb8 19. Qa4 Bc6 20. Qa1 Bb5 21.
Ne5 Qc7 22. Rc1 Qb7 23. f3 Rfc8 24. Rb1 Ne8 25. Bxb5 axb5 26. Ra7 Qb6 27. Nd7
Qc6 28. Nxb8 Rxb8 29. Rc1 Qb6 30. Ra6 Qd8 31. Rd1 Nc7 32. Ra7 Ne8 33. d5 exd5
34. exd5 b4 35. d6 1-0

[Event "1. ODEM U25 2004"]
[Site "Willingen GER"]
[Date "2004.05.30"]
[Round "1"]
[White "Müer, Sebastian"]
[Black "Kuhn, Ulf"]
[Result "0-1"]
[Termination "normal"]
[Board "12"]
[WhiteElo "1465"]
[BlackElo "2013"]
[PlyCount "68"]
[BlackFideId "4693604"]
[EventCountry "GER"]
[EventRounds "9"]
[EventType "swiss"]
[EventDate "2004.05.29"]

1. f4 g6 2. Nf3 Bg7 3. e4 c5 4. d3 Nc6 5. Be2 e6 6. Nc3 Nd4 7. O-O Nxe2+ 8.
Qxe2 f5 9. exf5 gxf5 10. Ne5 Nf6 11. Nd5 O-O 12. Nxf6+ Rxf6 13. g4 d6 14. g5
Rf8 15. Nf3 Bd7 16. c3 Qc7 17. d4 cxd4 18. cxd4 Rac8 19. Rf2 Rfe8 20. Qd3 Bc6
21. Rc2 Qa5 22. Rf2 Bxf3 23. Qxf3 Qe1+ 24. Rf1 Bxd4+ 25. Kg2 Rc2+ 26. Kh3 Qe2
27. Qxe2 Rxe2 28. Rd1 e5 29. Rb1 Rc8 30. Rd2 Rxc1 31. Rxc1 Rxd2 32. Rc8+ Kf7
33. Rc7+ Ke6 34. Rxh7 exf4 0-1

[Event "1. ODEM U25 2004"]
[Site "Willingen GER"]
[Date "2004.05.30"]
[Round "1"]
[White "Hirneise, Tobias"]
[Black "Gahn, Juliane"]
[Result "1-0"]
[Termination "normal"]
[Board "13"]
[WhiteElo "1960"]
[BlackElo "1433"]
[PlyCount "45"]
[WhiteFideId "24600881"]
[EventCountry "GER"]
[EventRounds "9"]
[EventType "swiss"]
[EventDate "2004.05.29"]

1. e4 c5 2. Nf3 e6 3. d4 cxd4 4. Nxd4 a6 5. Bd3 Nf6 6. O-O Nc6 7. Nxc6 bxc6 8.
Qe2 d5 9. e5 Nd7 10. Kh1 Bb7 11. c3 c5 12. f4 c4 13. Bc2 Qa5 14. f5 g6 15. fxe6
fxe6 16. Bg5 Bg7 17. Nd2 Qb6 18. Rab1 Bxe5 19. Rbe1 Rf8 20. Nf3 Qc7 21. Nxe5
Rxf1+ 22. Qxf1 Nxe5 23. Qf6 1-0

[Event "1. ODEM U25 2004"]
[Site "Willingen GER"]
[Date "2004.05.30"]
[Round "1"]
[White "Dauer, Carolin"]
[Black "Fink, Leander"]
[Result "0-1"]
[Termination "normal"]
[Board "14"]
[WhiteElo "1399"]
[BlackElo "1936"]
[PlyCount "99"]
[WhiteFideId "24666050"]
[BlackFideId "24605247"]
[EventCountry "GER"]
[EventRounds "9"]
[EventType "swiss"]
[EventDate "2004.05.29"]

1. e4 c5 2. Nc3 Nc6 3. g3 g6 4. Bg2 Bg7 5. d3 e6 6. Bd2 Nge7 7. f4 O-O 8. Nf3
d6 9. O-O f5 10. Rb1 Rb8 11. Re1 Nd4 12. Ne2 Nec6 13. Nexd4 Nxd4 14. Nxd4 cxd4
15. exf5 gxf5 16. Bb4 Re8 17. Qf3 a5 18. Ba3 b5 19. b3 Bb7 20. Qe2 Bxg2 21.
Qxg2 b4 22. Bb2 e5 23. Qf3 Rf8 24. Re2 Rb5 25. Rbe1 Qa8 26. Qxa8 Rxa8 27. fxe5
dxe5 28. Rf1 Rf8 29. Ref2 Rc5 30. a3 Rfc8 31. Re1 Rxc2 32. Ree2 Rxe2 33. Rxe2
bxa3 34. Bxa3 Rc3 35. Bd6 Rxb3 36. Bxe5 Rxd3 37. Bc7 Rd1+ 38. Kg2 Ra1 39. Rd2
a4 40. Bb6 a3 41. Bxd4 Bxd4 42. Rxd4 Ra2+ 43. Kh3 Rf2 44. Rd1 a2 45. Rh1 Rb2
46. Ra1 Kg7 47. Kh4 Rxh2+ 48. Kg5 Rf2 49. Kh5 h6 50. Rh1 0-1

[Event "1. ODEM U25 2004"]
[Site "Willingen GER"]
[Date "2004.05.30"]
[Round "1"]
[White "Jorczik, Andreas"]
[Black "Seiler, Dirk"]
[Result "0-1"]
[Termination "normal"]
[Board "16"]
[WhiteElo "1357"]
[BlackElo "1911"]
[PlyCount "87"]
[WhiteFideId "24634921"]
[BlackFideId "24603155"]
[EventCountry "GER"]
[EventRounds "9"]
[EventType "swiss"]
[EventDate "2004.05.29"]

1. d4 Nf6 2. c4 e6 3. Nc3 Bb4 4. Qc2 c5 5. dxc5 Bxc5 6. Nf3 Nc6 7. a3 a5 8. Bg5
Be7 9. g3 d6 10. Bg2 O-O 11. O-O-O Ng4 12. Bxe7 Qxe7 13. e3 Rd8 14. Qe2 Nf6 15.
Rd2 a4 16. Rhd1 Na5 17. Rc2 Bd7 18. Nd4 Rac8 19. Bf1 Nxc4 20. Bg2 d5 21. f4 Qc5
22. e4 Bc6 23. e5 Nd7 24. Nb1 Qe7 25. Qg4 Ne3 26. Qe2 Nxc2 27. Qxc2 Nc5 28. Nc3
Nb3+ 29. Nxb3 axb3 30. Qxb3 d4 31. Bxc6 Rxc6 32. Rd3 dxc3 33. Qxb7 cxb2+ 34.
Kxb2 Rb6+ 35. Qxb6 Rxd3 36. Qb8+ Rd8 37. Qb3 Qc7 38. Ka2 Rd2+ 39. Kb1 Qd8 40.
Kc1 Rxh2 41. Kb1 Qa8 42. Ka1 Qh1+ 43. Qb1 Qxb1+ 44. Kxb1 0-1

[Event "1. ODEM U25 2004"]
[Site "Willingen GER"]
[Date "2004.05.30"]
[Round "1"]
[White "Kalla, Christian"]
[Black "Demmler, Julia"]
[Result "1-0"]
[Termination "normal"]
[Board "17"]
[WhiteElo "1910"]
[BlackElo "1296"]
[PlyCount "73"]
[WhiteFideId "24605760"]
[EventCountry "GER"]
[EventRounds "9"]
[EventType "swiss"]
[EventDate "2004.05.29"]

1. e4 e5 2. Nf3 Nc6 3. Bb5 Nf6 4. O-O d6 5. Re1 Bg4 6. c3 a6 7. Ba4 Be7 8. d3
O-O 9. Nbd2 Re8 10. h3 Bh5 11. Nf1 Bf8 12. Ng3 Bg6 13. Nh4 Kh8 14. Nhf5 d5 15.
Bg5 dxe4 16. Bxc6 bxc6 17. dxe4 Qxd1 18. Raxd1 Re6 19. Rd2 h6 20. Bxf6 Rxf6 21.
Red1 Re6 22. Rd8 Re8 23. Rxa8 Rxa8 24. Rd7 Rc8 25. Ne7 Bxe7 26. Rxe7 Rb8 27. b3
f6 28. Rxc7 Rb6 29. c4 Kg8 30. c5 Rb4 31. Rxc6 Bxe4 32. Nxe4 Rxe4 33. Kf1 a5
34. Ra6 Rd4 35. Rxa5 Rd2 36. b4 Rc2 37. Ra7 1-0

[Event "1. ODEM U25 2004"]
[Site "Willingen GER"]
[Date "2004.05.30"]
[Round "1"]
[White "Schäfer, Simon"]
[Black "Rackisch, Daniel"]
[Result "0-1"]
[Termination "normal"]
[Board "18"]
[WhiteElo "1255"]
[BlackElo "1859"]
[PlyCount "100"]
[BlackFideId "24609323"]
[EventCountry "GER"]
[EventRounds "9"]
[EventType "swiss"]
[EventDate "2004.05.29"]

1. d4 Nf6 2. c4 g6 3. Nc3 d6 4. Bg5 Nbd7 5. Nf3 c6 6. e3 a6 7. a4 Bg7 8. Bd3 e5
9. dxe5 dxe5 10. Ne4 Qc7 11. Nc3 $11 11... Nc5 12. Bxf6 Bxf6 13. Ne4 Qa5+ 14.
Ke2 Nxe4 15. Bxe4 Qb4 16. Qc2 Be6 17. Rac1 Bg7 18. Nd2 f5 19. Bd3 e4 20. Nxe4
fxe4 21. Bxe4 Qxb2 22. Qxb2 Bxb2 23. Rb1 Bxc4+ 24. Bd3 Bxd3+ 25. Kxd3 O-O-O+
26. Ke2 Bc3 27. Rhd1 Rxd1 28. Rxd1 Rd8 29. Rd3 Rxd3 30. Kxd3 Bg7 31. Kc4 b5+
32. axb5 axb5+ 33. Kc5 Bf8+ 34. Kd4 c5+ 35. Kc3 Kc7 36. f4 Bg7+ 37. Kb3 c4+ 38.
Kc2 b4 39. e4 b3+ 40. Kb1 Bd4 41. f5 c3 42. fxg6 c2+ 43. Kc1 Be3+ 44. Kb2 c1=Q+
45. Kxb3 hxg6 46. h4 Bd4 47. e5 Qc3+ 48. Ka4 Bc5 49. Kb5 Qb4+ 50. Ka6 Qb6# 0-1

[Event "1. ODEM U25 2004"]
[Site "Willingen GER"]
[Date "2004.05.30"]
[Round "1"]
[White "Kiener, Georg"]
[Black "Dietzen, Thomas"]
[Result "1-0"]
[Termination "normal"]
[Board "19"]
[WhiteElo "2008"]
[BlackElo "1187"]
[PlyCount "37"]
[EventCountry "GER"]
[EventRounds "9"]
[EventType "swiss"]
[EventDate "2004.05.29"]

1. e4 e6 2. d4 d5 3. Nc3 Bb4 4. e5 c5 5. Qg4 cxd4 6. Qxg7 dxc3 7. b3 Qh4 8. Bd3
Nd7 9. Qxh8 Qg4 10. Bxh7 Qxg2 11. Qxg8+ Qxg8 12. Bxg8 Nxe5 13. Bh7 Bd7 14. Bf4
Ng6 15. Bxg6 fxg6 16. Ne2 Rc8 17. Rg1 Kf7 18. Be5 Rh8 19. Bxh8 1-0

[Event "1. ODEM U25 2004"]
[Site "Willingen GER"]
[Date "2004.05.30"]
[Round "1"]
[White "Häcker, Katrin"]
[Black "Poysti, Nathanael"]
[Result "0-1"]
[Termination "normal"]
[Board "20"]
[WhiteElo "1140"]
[BlackElo "1910"]
[PlyCount "70"]
[WhiteFideId "24667986"]
[EventCountry "GER"]
[EventRounds "9"]
[EventType "swiss"]
[EventDate "2004.05.29"]

1. e4 e6 2. d4 d5 3. exd5 exd5 4. Nf3 Bd6 5. Nc3 Ne7 6. Bd3 c6 7. O-O f6 8. Re1
O-O 9. h3 Nd7 10. Nh4 Re8 11. Be3 Nf8 12. Qd2 Nfg6 13. Nxg6 Nxg6 14. Bxg6 hxg6
15. Bf4 Rxe1+ 16. Rxe1 Bf5 17. Bxd6 Qxd6 18. g4 Bd7 19. Qd3 Kf7 20. Re3 Rh8 21.
Rg3 Bc8 22. Ne2 b6 23. c3 a5 24. a3 Bb7 25. c4 Ba6 26. Qd2 Bxc4 27. Kg2 Re8 28.
Re3 g5 29. Rxe8 Kxe8 30. Nc3 Kf7 31. Na4 Qc7 32. Qc3 Bb5 33. Qb3 g6 34. Nxb6
Qxb6 35. a4 Bf1+ 0-1

[Event "1. ODEM U25 2004"]
[Site "Willingen GER"]
[Date "2004.05.30"]
[Round "1"]
[White "Zayadeh, Raphael"]
[Black "Lebeda, Lukas"]
[Result "1-0"]
[Termination "normal"]
[Board "21"]
[WhiteElo "1906"]
[BlackElo "1135"]
[PlyCount "75"]
[EventCountry "GER"]
[EventRounds "9"]
[EventType "swiss"]
[EventDate "2004.05.29"]

1. d4 Nf6 2. Nf3 d5 3. e3 Nc6 4. c4 Bf5 5. Nc3 Nb4 6. Qa4+ Qd7 7. Qxb4 b6 8.
Ne5 Qd8 9. cxd5 Bd7 10. Bc4 a6 11. d6 e6 12. dxc7 Qxc7 13. Qb3 b5 14. Be2 Bd6
15. Bf3 Rb8 16. Nxd7 Nxd7 17. Ne4 Rc8 18. Nxd6+ Qxd6 19. Bd2 e5 20. Bb4 Qc7 21.
Bd5 Nb6 22. Bc5 Nxd5 23. Qxd5 exd4 24. Rc1 dxe3 25. Qe4+ Kd8 26. Be7+ Qxe7 27.
Rxc8+ Kd7 28. Qxe7+ Kxe7 29. Rxh8 exf2+ 30. Kxf2 h6 31. Re1+ Kf6 32. Ra8 g6 33.
Rxa6+ Kf5 34. g4+ Kxg4 35. Re5 Kf4 36. Rxb5 Ke4 37. Ke2 Kd4 38. Ra4# 1-0